| 000 | 00716na a2200229 4500 | ||
|---|---|---|---|
| 001 | 20114 | ||
| 003 | MIRAKIL | ||
| 005 | 20181213155102.0 | ||
| 008 | 170104b tu 000 0 | ||
| 035 | _a20114 | ||
| 040 |
_aMilas _btur _cTR-AnCHP |
||
| 041 | _atur | ||
| 082 |
_a380.102956211 _bİ95 2002 |
||
| 090 | _a380.102956211 İ95 2002 | ||
| 245 |
_aİzmir stratejik planı _bKalkışa geçiş dönemi (1996-2002) _cİzmir Ticaret Odası |
||
| 260 |
_a[İzmir] _bİzmir Ticaret Odası _c2002 |
||
| 300 |
_a225+ [50] s. _bktl. hrt.; tbl. _c29 sm. |
||
| 650 |
_aEkonomi politikaları _xTicaret _yStratejiler _zİzmir |
||
| 651 |
_aİzmir _xStratejik planlar |
||
| 710 | _aİzmir Ticaret Odası | ||
| 942 |
_2ddc _cBKS |
||
| 999 |
_c6276 _d6276 |
||